European NBA players - 2022/23 season - Statistics

General Stats
  • This quiz has been taken 81 times
  • The average score is 35 of 63
Answer Stats
Country Player Team % Correct
Slovenia Luka Doncic Mavericks
97%
Serbia Nikola Jokic Nuggets
93%
Greece Giannis Antetokounmpo Bucks
90%
Croatia Bojan Bogdanovic Pistons
87%
Serbia Bogdan Bogdanovic Hawks
84%
Germany Denis Schröder Lakers
84%
Bosnia-Herz. Jusuf Nurkic Trail Blazers
81%
Latvia Kristaps Porzingis Wizards
81%
Montenegro Nikola Vucevic Bulls
81%
France Rudy Gobert Timberwolves
81%
Germany Franz Wagner Magic
79%
Germany Moritz Wagner Magic
79%
Lithuania Domantas Sabonis Kings
78%
Lithuania Jonas Valanciunas Pelicans
78%
Finland Lauri Markkanen Jazz
76%
Greece Thanasis Antetokounmpo Bucks
76%
Greece Kostas Antetokounmpo Bulls
71%
Croatia Ivica Zubac Clippers
69%
France Nicolas Batum Clippers
68%
Serbia Nikola Jovic Heat
66%
Turkey Alperen Sengun Rockets
65%
Spain Ricky Rubio Cavaliers
65%
Slovenia Goran Dragic Bulls
63%
Italy Danilo Gallinari Celtics
62%
Austria Jakob Poeltl Spurs
62%
Germany Maxi Kleber Mavericks
62%
United Kingdom O.G. Anunoby Raptors
62%
Switzerland Clint Capela Hawks
60%
Turkey Furkan Korkmaz 76ers
59%
Turkey Cedi Osman Cavaliers
57%
Croatia Dario Saric Suns
57%
Latvia Davis Bertans Mavericks
57%
Israel Deni Avdija Wizards
57%
France Evan Fournier Knicks
57%
Spain Juan Hernangomez Raptors
56%
Italy Paolo Banchero Magic
56%
Spain Willy Hernangomez Pelicans
56%
Serbia Boban Marjanovic Rockets
54%
Serbia Aleksej Pokusevski Thunder
51%
Georgia Goga Bitadze Pacers
49%
Spain Santi Aldama Grizzlies
47%
France Frank Ntilikina Mavericks
44%
Ukraine Alex Len Kings
43%
Poland Jeremy Sochan Spurs
43%
France Killian Hayes Pistons
43%
Spain Serge Ibaka Bucks
40%
Slovenia Vlatko Cancar Nuggets
40%
Germany Daniel Theis Pacers
37%
Georgia Sandro Mamukelashvili Bucks
37%
Germany Isaiah Hartenstein Knicks
35%
Turkey Ömer Yurtseven Heat
32%
France Théo Maledon Hornets
31%
Spain Usman Garuba Rockets
28%
Italy Simone Fontecchio Nuggets
26%
Montenegro Marko Simonovic Bulls
25%
France Ousmane Dieng Thunder
25%
Ukraine Sviatoslav Mykhailiuk Knicks
25%
Czech Rep. Vit Krejci Hawks
25%
Portugal Neemias Queta Kings
24%
Bosnia-Herz. Luka Garza Timberwolves
19%
France Olivier Sarr Trail Blazers
16%
France Moussa Diabaté Clippers
13%
United Kingdom Admiral Schofield Magic
9%
No matching quizzes found
Score Distribution
Percent of People with Each Score
Percentile by Number Answered
Your Score History
You have not taken this quiz